| 000 | 00455nam a2200181Ia 4500 | ||
|---|---|---|---|
| 001 | 25063 | ||
| 005 | 20260414151125.0 | ||
| 008 | 260414t2023||||xx |||||||||||||| ||spa|| | ||
| 041 | _aESP | ||
| 082 |
_a346.13 _bO74 |
||
| 100 |
_aOrtiz Pasco, Jorge Antonio, _eAUT |
||
| 245 | 0 |
_aLos principios que rigen la actividad registral _b |
|
| 260 | _c2023 | ||
| 300 |
_a543 páginas : _c25 cm. |
||
| 650 | _aDER | ||
| 654 | _aCDE | ||
| 942 |
_cLIB _dJUS _fJUS _2ddc _n |
||
| 999 |
_c25063 _d25063 |
||